| 000 | 00614 a2200169 4500 | ||
|---|---|---|---|
| 020 | _a0387282890 | ||
| 020 | _a9780387282893 | ||
| 082 | 0 | 4 | _a620.00420151825 |
| 090 |
_c674 _d674 |
||
| 100 | 1 | _aMadenci, Erdogan. | |
| 245 | 1 | 4 |
_aThe finite element method and applications in engineering using ansys® / _cErdogan Madenci, Ibrahim Guven. |
| 260 |
_a[S.l.] : _bSpringer, _c2006. |
||
| 300 |
_a702 p. ; _c25 cm. |
||
| 700 | _aGuven, I | ||
| 942 |
_aSNS _cBK _k620.00420151825 MAD |
||
| 999 |
_c29303 _d29303 |
||